| 000 | 00465nam a2200181Ia 4500 | ||
|---|---|---|---|
| 008 | 230524s9999 xx 000 0 und d | ||
| 020 | _a8121902983 | ||
| 082 |
_a330 _bDAT |
||
| 100 | _aRuddar Datt | ||
| 245 | 0 | _aIndian Economy | |
| 250 | _a58TH REVD ED | ||
| 260 |
_aNEW DELHI _bS.Chand _c2008 |
||
| 300 | _aXVI;973 | ||
| 500 | _aQuantity Number: 5 | ||
| 650 | _aEconomics | ||
| 700 | _a" K.P.M.Sundharam (Gaurav Datt , Ashwani Mahajan),,," | ||
| 942 | _cBK | ||
| 999 |
_c40711 _d40711 |
||